000 00267nam a2200121Ia 4500
008 211105s9999 xx 000 0 und d
020 _aVYASA01003
100 _aGharote M. L.
245 0 _aApplied Yoga
250 _a\N
260 _bKaivalyadhama
_c\N
300 _a123p.
999 _c6598
_d6598